| 000 | 00525cam a22001691 4500 | ||
|---|---|---|---|
| 082 |
_a355.2 _bLUD _cD. |
||
| 100 | 1 |
_aLudendorff, Erich, _949551 |
|
| 245 | 1 | 4 |
_aThe coming war, _cby General Ludendorff. |
| 260 |
_aLondon, _bFaber & Faber limited _c[1931] |
||
| 300 |
_a176 p. _bmaps (2 fold.) _c2 cm. |
||
| 500 | _aTranslation of Weltkrieg droht auf deutschen boden. | ||
| 526 |
_a0 _b0 _c0 _d355_200000000000000_LUD |
||
| 650 | 0 |
_aImaginary wars and battles. _946095 |
|
| 650 | 0 |
_aMCE _9379 |
|
| 650 | 0 | _aWar. | |
| 942 |
_2ddc _cBK |
||
| 999 |
_c552361 _d552361 |
||